In utero songs and outtakes - Statistics

General Stats
  • This quiz has been taken 49 times
  • The average score is 9 of 17
Answer Stats
Answer % Correct
Heart Shaped Box
100%
Rape me
90%
All Apologies
76%
Serve the servants
76%
Milk it
67%
Dumb
57%
Frances Farmer will have her revenge on seattle
57%
Pennyroyal tea
57%
Scentless Apprentice
52%
Very ape
52%
Moist V
48%
Tourette's
48%
Radio friendly unit shifter
43%
I hate myself and want to die
38%
Marigold
29%
Gallons of rubbing alcohol flow through the strip
24%
Sappy
24%
No matching quizzes found
Score Distribution
Percent of People with Each Score
Percentile by Number Answered
Your Score History
You have not taken this quiz